[Event "7. Torneo de Promoción Almansa B 2012"]
[Site "Almansa ESP"]
[Date "2012.08.09"]
[Round "5.4"]
[White "Ortega Morales, Pedro"]
[Black "Sanchez Mas, Carlos"]
[Result "1/2-1/2"]
[WhiteElo "1906"]
[BlackElo "1794"]
[PlyCount "67"]
[EventDate "2012.08.07"]
[EventType "swiss"]
[EventRounds "9"]
[EventCountry "ESP"]
[Source "lmi"]
[SourceDate "2012.08.07"]

1. d4 d5 2. Bf4 Nf6 3. e3 e6 4. Nf3 c5 5. c3 Nc6 6. Nbd2 Bd7 7. Bd3 Be7 8. Ne5
Qb6 9. Rb1 Rc8 10. Qe2 O-O 11. Bg5 Rfd8 12. Bxf6 Bxf6 13. Bxh7+ Kf8 14. Nxd7+
Rxd7 15. Bd3 cxd4 16. exd4 e5 17. O-O Re7 18. Qg4 Rce8 19. dxe5 Nxe5 20. Qh3 g6
21. Bc2 Nc4 22. Nxc4 dxc4 23. Qf3 Kg8 24. b3 Qa6 25. a4 Re2 26. Bd1 Rd2 27. Qf4
Bxc3 28. Qxc4 Qxc4 29. bxc4 b6 30. Bf3 Bd4 31. Rbd1 Rxd1 32. Rxd1 Bc5 33. Kf1
Re7 34. Bd5 1/2-1/2

[Event "7. Torneo de Promoción Almansa B 2012"]
[Site "Almansa ESP"]
[Date "2012.08.09"]
[Round "5.5"]
[White "Fraga Pons, Albert  Borja"]
[Black "Ontanon Gomez, Jesus"]
[Result "1/2-1/2"]
[WhiteElo "1974"]
[BlackElo "1880"]
[PlyCount "102"]
[EventDate "2012.08.07"]
[EventType "swiss"]
[EventRounds "9"]
[EventCountry "ESP"]
[Source "lmi"]
[SourceDate "2012.08.07"]

1. e4 c5 2. Nc3 a6 3. a4 b6 4. Bc4 Bb7 5. d3 g6 6. f4 e6 7. Nf3 Ne7 8. O-O d5
9. Bb3 Bg7 10. e5 O-O 11. Qe1 Nbc6 12. Ne2 b5 13. axb5 axb5 14. Rxa8 Qxa8 15.
c3 c4 16. Bc2 cxd3 17. Bxd3 Qa5 18. b4 Qb6+ 19. Kh1 Rd8 20. Ned4 Nxd4 21. Nxd4
Ba6 22. Be3 Qb7 23. Nb3 Bf8 24. Nc5 Qc6 25. Qe2 Nf5 26. Bxf5 exf5 27. Re1 Bc8
28. Ra1 Bxc5 29. Bxc5 Be6 30. Ra5 Rb8 31. Qe1 Ra8 32. Qa1 Rxa5 33. Qxa5 h6 34.
Qd8+ Kh7 35. h3 Qa6 36. Bf8 Qc8 37. Qxc8 Bxc8 38. Be7 Bb7 39. Kg1 d4 40. cxd4
Bd5 41. Kf2 Kg8 42. g4 Kh7 43. Kg3 Kg7 44. Kh4 Kh7 45. Bf8 Bc6 46. Kg3 Bd5 47.
h4 h5 48. gxf5 gxf5 49. Be7 Kg6 50. Kf2 Kh7 51. Ke3 Kg6 1/2-1/2

[Event "7. Torneo de Promoción Almansa B 2012"]
[Site "Almansa ESP"]
[Date "2012.08.10"]
[Round "6.1"]
[White "Nieves Cabanes, Jose Manuel"]
[Black "Triay Moll, Liberto"]
[Result "1/2-1/2"]
[WhiteElo "1872"]
[BlackElo "1911"]
[PlyCount "65"]
[EventDate "2012.08.07"]
[EventType "swiss"]
[EventRounds "9"]
[EventCountry "ESP"]
[Source "lmi"]
[SourceDate "2012.08.07"]

1. d4 d5 2. c4 c6 3. Nc3 dxc4 4. e3 b5 5. a4 b4 6. Na2 e6 7. Bxc4 Nf6 8. Nf3
Be7 9. O-O a5 10. Bd2 Ba6 11. Ne5 Bxc4 12. Nxc4 Nbd7 13. Nc1 c5 14. Nb3 O-O 15.
Rc1 Ne4 16. f3 Nxd2 17. Qxd2 cxd4 18. Nxd4 Nb6 19. Nxb6 Qxb6 20. Rc6 Qd8 21.
Rd1 Bf6 22. b3 Qd5 23. Rc4 Rfd8 24. f4 Rac8 25. Rdc1 Rxc4 26. Rxc4 e5 27. fxe5
Qxe5 28. Qc1 Bg5 29. Nc2 g6 30. Rd4 Rxd4 31. exd4 Qd5 32. Qb1 Qe4 33. Qd1
1/2-1/2

[Event "7. Torneo de Promoción Almansa B 2012"]
[Site "Almansa ESP"]
[Date "2012.08.10"]
[Round "6.2"]
[White "Perez Pardo, Sergio Ivan"]
[Black "Moreno Valle, Agustin"]
[Result "1/2-1/2"]
[WhiteElo "1815"]
[BlackElo "1997"]
[PlyCount "73"]
[EventDate "2012.08.07"]
[EventType "swiss"]
[EventRounds "9"]
[EventCountry "ESP"]
[Source "lmi"]
[SourceDate "2012.08.07"]

1. e4 Nc6 2. Nf3 d6 3. d4 Nf6 4. Nc3 Bg4 5. Be3 e6 6. a3 Be7 7. Bd3 O-O 8. h3
Bh5 9. g4 Bg6 10. Qe2 d5 11. e5 Ne4 12. h4 h6 13. Bd2 Nxd2 14. Qxd2 a6 15.
O-O-O b5 16. g5 h5 17. Ne2 Bxd3 18. Qxd3 g6 19. Nf4 Kg7 20. Nd2 Rh8 21. Rh3 Bf8
22. Rf3 Ne7 23. Nf1 Nf5 24. Ng2 Nxh4 25. Rf6 Nxg2 26. Qf3 b4 27. a4 Qd7 28. b3
c5 29. Qxg2 Rc8 30. dxc5 Rxc5 31. Qf3 d4 32. Rxd4 Qc7 33. Ne3 Rxe5 34. Rdf4 Rf5
35. Nxf5+ gxf5 36. Rh4 Qe5 37. Qb7 1/2-1/2

[Event "7. Torneo de Promoción Almansa B 2012"]
[Site "Almansa ESP"]
[Date "2012.08.10"]
[Round "6.3"]
[White "Fernandez Cano, Victor"]
[Black "Romero Calduch, Sergio"]
[Result "1-0"]
[WhiteElo "1843"]
[BlackElo "1972"]
[PlyCount "87"]
[EventDate "2012.08.07"]
[EventType "swiss"]
[EventRounds "9"]
[EventCountry "ESP"]
[Source "lmi"]
[SourceDate "2012.08.07"]

1. Nf3 Nf6 2. d4 g6 3. Bf4 Bg7 4. e3 d6 5. Nbd2 O-O 6. Bc4 b6 7. O-O Bb7 8. h3
Nbd7 9. c3 Ne4 10. Nxe4 Bxe4 11. Ng5 Bb7 12. Qb3 Qe8 13. Qa4 e5 14. Bg3 a6 15.
Qd1 e4 16. h4 Qe7 17. Nh3 h5 18. Nf4 Kh7 19. Nd5 Qd8 20. f3 Nf6 21. Nb4 exf3
22. gxf3 d5 23. Bd3 Qe7 24. Nc2 c5 25. Re1 Bh6 26. Qd2 c4 27. Bf1 Bc8 28. Qh2
Re8 29. Be5 Bf5 30. Nb4 Be6 31. Bg2 a5 32. Nc2 Bf5 33. Na3 Rac8 34. Nb5 Rc6 35.
Nd6 Be6 36. Nxe8 Nxe8 37. e4 dxe4 38. fxe4 Bd7 39. Red1 Be3+ 40. Kh1 Nf6 41.
Bxf6 Rxf6 42. e5 Rf4 43. Rf1 Bf2 44. Qxf4 1-0

[Event "7. Torneo de Promoción Almansa B 2012"]
[Site "Almansa ESP"]
[Date "2012.08.10"]
[Round "6.4"]
[White "Nunez Miranda, Adrian"]
[Black "Blesa Fernandez, Francisco"]
[Result "0-1"]
[WhiteElo "1969"]
[BlackElo "1847"]
[PlyCount "124"]
[EventDate "2012.08.07"]
[EventType "swiss"]
[EventRounds "9"]
[EventCountry "ESP"]
[Source "lmi"]
[SourceDate "2012.08.07"]

1. e4 e6 2. b3 d5 3. Bb2 Nf6 4. e5 Nfd7 5. Qg4 c5 6. f4 Nc6 7. Nf3 Qc7 8. Be2
b6 9. d3 Bb7 10. Nbd2 O-O-O 11. O-O-O h6 12. Kb1 Ne7 13. c4 d4 14. Nf1 g5 15.
g3 h5 16. Qh3 g4 17. Qg2 gxf3 18. Bxf3 Bxf3 19. Qxf3 Qc6 20. Nd2 Qxf3 21. Nxf3
Nf5 22. Ng5 Nh6 23. Bc1 Be7 24. h4 Bxg5 25. fxg5 Ng4 26. Rhf1 Ndxe5 27. Bf4 Ng6
28. Bc1 Rhf8 29. Kb2 f5 30. gxf6 Rxf6 31. Rxf6 Nxf6 32. Rf1 Rf8 33. Bh6 Rf7 34.
Bg5 Ne5 35. Rxf6 Rxf6 36. Bxf6 Nxd3+ 37. Kc2 Nf2 38. a3 d3+ 39. Kc1 d2+ 40.
Kxd2 Ne4+ 41. Ke3 Nxf6 42. Kf4 Kd7 43. Kg5 Ke7 44. b4 e5 45. Kf5 e4 46. Kf4 Ke6
47. b5 Kd6 48. g4 Nxg4 49. Kxe4 Ne5 50. Kf4 Nxc4 51. Kg5 Nxa3 52. Kxh5 c4 53.
Kg6 c3 54. h5 c2 55. h6 c1=Q 56. h7 Qc2+ 57. Kg7 Qg2+ 58. Kh8 Qh3 59. Kg7 Qg4+
60. Kh8 Qh5 61. Kg7 Qxh7+ 62. Kxh7 Nxb5 0-1

[Event "7. Torneo de Promoción Almansa B 2012"]
[Site "Almansa ESP"]
[Date "2012.08.10"]
[Round "6.5"]
[White "Moreno Brocalero, Jorge"]
[Black "Jarque Megias, Juan Jose"]
[Result "1/2-1/2"]
[WhiteElo "1916"]
[BlackElo "1653"]
[PlyCount "70"]
[EventDate "2012.08.07"]
[EventType "swiss"]
[EventRounds "9"]
[EventCountry "ESP"]
[Source "lmi"]
[SourceDate "2012.08.07"]

1. e4 e6 2. d4 d5 3. exd5 exd5 4. Nf3 Bd6 5. c4 c6 6. Nc3 Ne7 7. cxd5 cxd5 8.
Bb5+ Bd7 9. Qb3 Bxb5 10. Qxb5+ Qd7 11. Bd2 a6 12. Qb3 O-O 13. Nxd5 Nxd5 14.
Qxd5 Nc6 15. Qb3 Rfe8+ 16. Be3 Bb4+ 17. Kf1 Bd6 18. Rc1 Rac8 19. Qa4 Qf5 20.
Qc2 Qd7 21. Ng5 g6 22. Ne4 Qe7 23. Nxd6 Qxd6 24. Qc5 Qd7 25. Qb6 Nxd4 26. Rd1
Qb5+ 27. Qxb5 Nxb5 28. a4 Nc7 29. Ke2 Ne6 30. Rc1 Rcd8 31. Rhd1 Rxd1 32. Rxd1
Rd8 33. Rc1 Nd4+ 34. Ke1 Nc6 35. Ke2 Nd4+ 1/2-1/2

[Event "7. Torneo de Promoción Almansa B 2012"]
[Site "Almansa ESP"]
[Date "2012.08.10"]
[Round "7.1"]
[White "Triay Moll, Liberto"]
[Black "Fernandez Cano, Victor"]
[Result "1-0"]
[WhiteElo "1911"]
[BlackElo "1843"]
[PlyCount "69"]
[EventDate "2012.08.07"]
[EventType "swiss"]
[EventRounds "9"]
[EventCountry "ESP"]
[Source "lmi"]
[SourceDate "2012.08.07"]

1. e4 c5 2. Nc3 Nc6 3. g3 g6 4. Bg2 Bg7 5. d3 d6 6. Be3 f5 7. Qd2 Nf6 8. Bh6
O-O 9. Bxg7 Kxg7 10. O-O-O e5 11. h4 h5 12. Nd5 Nxd5 13. exd5 Ne7 14. Nh3 b5
15. f4 Ng8 16. Rhe1 Re8 17. Ng5 Rb8 18. fxe5 dxe5 19. Nf3 Qxd5 20. b3 Bb7 21.
Qc3 b4 22. Qb2 Nf6 23. Nxe5 Qxg2 24. Nd7 Qc6 25. Nxb8 Rxb8 26. Re7+ Kf8 27.
Rde1 Re8 28. Qe5 a6 29. Rxe8+ Nxe8 30. Qe7+ Kg8 31. Qxe8+ Qxe8 32. Rxe8+ Kf7
33. Re5 Kf6 34. Rxc5 g5 35. Kd2 1-0

[Event "7. Torneo de Promoción Almansa B 2012"]
[Site "Almansa ESP"]
[Date "2012.08.10"]
[Round "7.2"]
[White "Blesa Fernandez, Francisco"]
[Black "Nieves Cabanes, Jose Manuel"]
[Result "1/2-1/2"]
[WhiteElo "1847"]
[BlackElo "1872"]
[PlyCount "81"]
[EventDate "2012.08.07"]
[EventType "swiss"]
[EventRounds "9"]
[EventCountry "ESP"]
[Source "lmi"]
[SourceDate "2012.08.07"]

1. d4 d5 2. c4 c6 3. Nf3 e6 4. Bg5 Nf6 5. Nc3 Be7 6. e3 Nbd7 7. Bd3 O-O 8. Rc1
dxc4 9. Bxc4 b5 10. Bd3 Bb7 11. O-O a6 12. Qe2 h6 13. Bh4 c5 14. Rfd1 Qb6 15.
Ne5 Rfe8 16. Nxd7 Nxd7 17. Bxe7 Rxe7 18. Be4 cxd4 19. Rxd4 Nf6 20. Bxb7 Qxb7
21. a3 Rc8 22. Rcd1 Rd7 23. Rxd7 Nxd7 24. Rd4 Ne5 25. Qd2 Qc7 26. Qe2 Nc4 27.
Nd1 Qc6 28. Qd3 Qc7 29. Qe2 Qe5 30. Qd3 Qg5 31. h4 Qe7 32. a4 Ne5 33. Qe4 Nc6
34. Rd2 b4 35. Rc2 Qd7 36. Qf3 a5 37. b3 Na7 38. Qe2 Rxc2 39. Qxc2 Nc6 40. Nb2
Qd5 41. Qc4 1/2-1/2

[Event "7. Torneo de Promoción Almansa B 2012"]
[Site "Almansa ESP"]
[Date "2012.08.10"]
[Round "7.3"]
[White "Moreno Valle, Agustin"]
[Black "Vela Horcajada, Jose Angel"]
[Result "1/2-1/2"]
[WhiteElo "1997"]
[BlackElo "1611"]
[PlyCount "71"]
[EventDate "2012.08.07"]
[EventType "swiss"]
[EventRounds "9"]
[EventCountry "ESP"]
[Source "lmi"]
[SourceDate "2012.08.07"]

1. e4 c5 2. Nf3 d6 3. Bc4 Nf6 4. d3 a6 5. a4 Nc6 6. h3 e6 7. O-O Be7 8. Ba2 O-O
9. Re1 Qc7 10. c3 b5 11. Bg5 Rb8 12. axb5 axb5 13. Nbd2 h6 14. Bh4 Nh5 15. Bxe7
Qxe7 16. d4 cxd4 17. cxd4 Nb4 18. Bb1 Nf6 19. Qb3 d5 20. e5 Nd7 21. Re3 Nb6 22.
Nf1 Nc4 23. Rc3 Bd7 24. Ne3 Ra8 25. Ra3 Nxa3 26. bxa3 Nc6 27. Qc2 f5 28. exf6
gxf6 29. Qg6+ Qg7 30. Qh5 Be8 31. Qh4 f5 32. Bd3 b4 33. axb4 Nxb4 34. Bf1 Ra1
35. Qf4 Bb5 36. Qd6 1/2-1/2

[Event "7. Torneo de Promoción Almansa B 2012"]
[Site "Almansa ESP"]
[Date "2012.08.10"]
[Round "7.4"]
[White "Trabazos Gallego, Javier"]
[Black "Perez Garcia, Jose Miguel"]
[Result "0-1"]
[WhiteElo "1909"]
[BlackElo "1967"]
[PlyCount "100"]
[EventDate "2012.08.07"]
[EventType "swiss"]
[EventRounds "9"]
[EventCountry "ESP"]
[Source "lmi"]
[SourceDate "2012.08.07"]

1. b3 Nf6 2. Bb2 g6 3. f4 Bg7 4. Nf3 O-O 5. e3 d6 6. Be2 Nbd7 7. O-O e5 8. fxe5
Ng4 9. Nc3 Ndxe5 10. Nxe5 Nxe5 11. Bf3 c6 12. Rb1 Qe7 13. Kh1 Re8 14. Rf2 h5
15. Qf1 Ng4 16. Bxg4 Bxg4 17. Ne2 Be5 18. Bxe5 dxe5 19. Nc3 Bf5 20. e4 Be6 21.
a4 Qb4 22. Re1 Red8 23. Re3 Qc5 24. Rg3 h4 25. Re3 Rxd2 26. Rxd2 Qxe3 27. Rd3
Qg5 28. h3 Rd8 29. Rxd8+ Qxd8 30. Qd1 Qxd1+ 31. Nxd1 f5 32. exf5 Bxf5 33. Ne3
Kf7 34. Kg1 Ke6 35. Kf2 Be4 36. g3 Bf5 37. gxh4 Bxh3 38. Kg3 Bf5 39. Kf2 Be4
40. Kg3 b6 41. Kf2 Kd6 42. c3 Ke6 43. Kg3 Bd3 44. Kf2 a5 45. Ke1 b5 46. Kd2 e4
47. Nd1 bxa4 48. bxa4 Kf5 49. Ne3+ Kf4 50. c4 Kg3 0-1

[Event "7. Torneo de Promoción Almansa B 2012"]
[Site "Almansa ESP"]
[Date "2012.08.10"]
[Round "7.5"]
[White "Portillo Castellon, Javier"]
[Black "Iglesias Garcia, Jorge"]
[Result "0-1"]
[WhiteElo "1884"]
[BlackElo "1965"]
[PlyCount "130"]
[EventDate "2012.08.07"]
[EventType "swiss"]
[EventRounds "9"]
[EventCountry "ESP"]
[Source "lmi"]
[SourceDate "2012.08.07"]

1. d4 d5 2. c4 c6 3. Nc3 Nf6 4. e3 e6 5. Qc2 Nbd7 6. Nf3 Bd6 7. Bd3 dxc4 8.
Bxc4 b5 9. Bd3 Bb7 10. O-O a6 11. Rd1 Qc7 12. Bd2 c5 13. Ne4 c4 14. Nxd6+ Qxd6
15. Be2 Be4 16. Qc1 Nd5 17. Ng5 Bg6 18. e4 h6 19. Nxf7 Bxf7 20. exd5 exd5 21.
a3 a5 22. Bf4 Qg6 23. Qe3+ Kf8 24. Re1 Re8 25. Qh3 Be6 26. Bh5 Bxh3 27. Bxg6
Re6 28. Bd6+ Kg8 29. Rxe6 Bxe6 30. Re1 Bf7 31. Bxf7+ Kxf7 32. Re7+ Kf6 33. Rxd7
Ke6 34. Rxg7 Kxd6 35. Rg6+ Kc7 36. f4 b4 37. axb4 axb4 38. Kf2 Re8 39. Rxh6 c3
40. bxc3 b3 41. Rh7+ Kb6 42. Rh6+ Kb7 43. Rh7+ Kc8 44. Rh6 Re7 45. Rb6 Rb7 46.
Rxb3 Rxb3 47. h4 Rxc3 48. h5 Kd7 49. g4 Ke6 50. g5 Kf5 51. g6 Kf6 52. Kg2 Rb3
53. f5 Kxf5 54. g7 Rb8 55. Kg3 Kg5 56. Kf3 Re8 57. Kg3 Kxh5 58. Kf4 Kg6 59.
g8=Q+ Rxg8 60. Ke5 Rd8 61. Ke6 Kg5 62. Ke7 Ra8 63. Kd6 Ra5 64. Kc6 Kf5 65. Kb6
Ra4 0-1

[Event "7. Torneo de Promoción Almansa B 2012"]
[Site "Almansa ESP"]
[Date "2012.08.11"]
[Round "8.1"]
[White "Perez Garcia, Jose Miguel"]
[Black "Triay Moll, Liberto"]
[Result "1/2-1/2"]
[WhiteElo "1967"]
[BlackElo "1911"]
[PlyCount "57"]
[EventDate "2012.08.07"]
[EventType "swiss"]
[EventRounds "9"]
[EventCountry "ESP"]
[Source "lmi"]
[SourceDate "2012.08.07"]

1. d4 d5 2. c4 e6 3. Nf3 Nf6 4. e3 Be7 5. b3 Nbd7 6. Bb2 Ne4 7. Bd3 Bb4+ 8.
Nbd2 Ndf6 9. a3 Bxd2+ 10. Nxd2 Nxd2 11. Qxd2 c6 12. Qb4 Qe7 13. Qxe7+ Kxe7 14.
a4 Nd7 15. Ba3+ Ke8 16. Bd6 f6 17. f4 Kf7 18. h4 b6 19. Kd2 Bb7 20. Rac1 Rac8
21. cxd5 exd5 22. g4 c5 23. Bf5 Rhd8 24. Bxd7 Rxd7 25. dxc5 d4 26. Rhe1 dxe3+
27. Kxe3 bxc5 28. Bxc5 Re8+ 29. Kf2 1/2-1/2

[Event "7. Torneo de Promoción Almansa B 2012"]
[Site "Almansa ESP"]
[Date "2012.08.11"]
[Round "8.2"]
[White "Iglesias Garcia, Jorge"]
[Black "Nieves Cabanes, Jose Manuel"]
[Result "1-0"]
[WhiteElo "1965"]
[BlackElo "1872"]
[PlyCount "93"]
[EventDate "2012.08.07"]
[EventType "swiss"]
[EventRounds "9"]
[EventCountry "ESP"]
[Source "lmi"]
[SourceDate "2012.08.07"]

1. d4 d5 2. c4 c6 3. Nc3 Nf6 4. Nf3 e6 5. e3 Nbd7 6. b3 Bd6 7. Bd3 O-O 8. Qc2
e5 9. cxd5 cxd5 10. dxe5 Nxe5 11. Nd4 Nxd3+ 12. Qxd3 a6 13. Bb2 b5 14. Rd1 Bb7
15. Nf5 Bc5 16. Ne2 Bb4+ 17. Bc3 Bxc3+ 18. Qxc3 Rc8 19. Qb2 g6 20. Nh6+ Kg7 21.
Ng4 h5 22. Qxf6+ Qxf6 23. Nxf6 Kxf6 24. Nd4 Rc7 25. Kd2 Rfc8 26. Rc1 Ke7 27.
Rxc7+ Rxc7 28. Rc1 Rxc1 29. Kxc1 Kd6 30. b4 Ke5 31. Kd2 Kd6 32. Kd3 Bc8 33. Nb3
Bb7 34. Kd4 f6 35. Nc5 Bc8 36. Nd3 Bd7 37. Nf4 Be8 38. Nxd5 Bf7 39. Nxf6 Bxa2
40. Ne4+ Kc6 41. Nc5 Kb6 42. e4 a5 43. bxa5+ Kxa5 44. e5 b4 45. e6 Kb5 46. e7
Bf7 47. Ne4 1-0

[Event "7. Torneo de Promoción Almansa B 2012"]
[Site "Almansa ESP"]
[Date "2012.08.11"]
[Round "8.3"]
[White "Navarro Molina, Carmelo Jose"]
[Black "Blesa Fernandez, Francisco"]
[Result "1-0"]
[WhiteElo "1917"]
[BlackElo "1847"]
[PlyCount "125"]
[EventDate "2012.08.07"]
[EventType "swiss"]
[EventRounds "9"]
[EventCountry "ESP"]
[Source "lmi"]
[SourceDate "2012.08.07"]

1. d4 d5 2. c4 c6 3. Nf3 Nf6 4. Qc2 a6 5. g3 Bg4 6. Nbd2 e6 7. Bg2 Nbd7 8. O-O
Bf5 9. Qb3 b5 10. cxb5 cxb5 11. Nh4 Bg6 12. Nxg6 hxg6 13. e4 dxe4 14. Nxe4 Ra7
15. Bf4 Nxe4 16. Bxe4 g5 17. Be3 Rc7 18. Rac1 Bd6 19. Rxc7 Bxc7 20. Bb7 Nb8 21.
Rc1 O-O 22. Bxg5 Qd7 23. Bg2 Bb6 24. d5 e5 25. Be3 Bc7 26. Qc2 Bd6 27. a3 Rd8
28. Bb6 Re8 29. Be4 g6 30. Qd2 Kg7 31. Bc5 Rc8 32. b4 Rh8 33. Bxd6 Qxd6 34. Qc3
Rd8 35. Qc5 Rd7 36. Bg2 Rd8 37. Qxd6 Rxd6 38. Rc8 Nd7 39. Rc6 Rf6 40. Bh3 Nb6
41. d6 Nc4 42. d7 Rxc6 43. d8=Q Nxa3 44. Qd7 Rf6 45. Qd5 Nc4 46. Bc8 Rd6 47.
Qe4 f5 48. Qb7+ Kf6 49. h4 e4 50. Qh7 Nd2 51. Qh8+ Kf7 52. Qa1 Nf3+ 53. Kf1
Nd2+ 54. Ke2 Nf3 55. Kf1 Rd2 56. Bxa6 Nh2+ 57. Kg2 Ng4 58. Qe1 e3 59. Bxb5 Nxf2
60. Kf3 Ng4 61. Be2 Rb2 62. Kf4 Ke6 63. Bxg4 1-0

[Event "7. Torneo de Promoción Almansa B 2012"]
[Site "Almansa ESP"]
[Date "2012.08.11"]
[Round "8.4"]
[White "Moreno Brocalero, Jorge"]
[Black "Vela Horcajada, Jose Angel"]
[Result "1-0"]
[WhiteElo "1916"]
[BlackElo "1611"]
[PlyCount "85"]
[EventDate "2012.08.07"]
[EventType "swiss"]
[EventRounds "9"]
[EventCountry "ESP"]
[Source "lmi"]
[SourceDate "2012.08.07"]

1. e4 c5 2. Nf3 d6 3. Bc4 Nf6 4. c3 Nc6 5. Bd5 e6 6. Bxc6+ bxc6 7. Qa4 Qc7 8.
O-O Be7 9. Re1 O-O 10. d3 e5 11. a3 Bg4 12. Nbd2 a5 13. h3 Be6 14. Nc4 Bxc4 15.
Qxc4 d5 16. Qa4 Bd6 17. Rb1 Rfe8 18. Nh4 Rad8 19. Bg5 Re6 20. Nf5 Bf8 21. b4
axb4 22. axb4 h6 23. Bxf6 Rxf6 24. b5 cxb5 25. Rxb5 dxe4 26. dxe4 Qd7 27. Rc1
Rb8 28. c4 g6 29. Nxh6+ Kg7 30. Ng4 Re6 31. Rd1 Qc6 32. Rd5 Bd6 33. Qb3 Ree8
34. Qb2 f6 35. f4 Qc7 36. fxe5 fxe5 37. Qd2 Re6 38. Qh6+ Kg8 39. Rxb8+ Qxb8 40.
Qd2 Be7 41. Rd7 Qb1+ 42. Kh2 Qxe4 43. Rxe7 1-0

[Event "7. Torneo de Promoción Almansa B 2012"]
[Site "Almansa ESP"]
[Date "2012.08.11"]
[Round "8.5"]
[White "Perez Garcia, Juan Angel"]
[Black "Moreno Valle, Agustin"]
[Result "0-1"]
[WhiteElo "1951"]
[BlackElo "1997"]
[PlyCount "70"]
[EventDate "2012.08.07"]
[EventType "swiss"]
[EventRounds "9"]
[EventCountry "ESP"]
[Source "lmi"]
[SourceDate "2012.08.07"]

1. Nf3 d5 2. g3 Nf6 3. Bg2 e6 4. d4 Be7 5. O-O O-O 6. c4 c6 7. Nc3 Nbd7 8. b3
b6 9. Bb2 Bb7 10. Ne5 Nxe5 11. dxe5 Nd7 12. cxd5 cxd5 13. f4 Rc8 14. Nb5 a6 15.
Nd4 b5 16. Qd2 Bc5 17. e3 Qe7 18. Rac1 Rc7 19. a3 Rfc8 20. b4 Ba7 21. Rxc7 Rxc7
22. Rc1 Nb6 23. Rxc7 Qxc7 24. Qc1 Nc4 25. Bf1 Bc8 26. Kf2 f6 27. exf6 gxf6 28.
Bd3 e5 29. Nc2 exf4 30. Kf3 Ne5+ 31. Bxe5 fxe5 32. e4 Qc3 33. Qd1 h5 34. Qf1
Bb7 35. gxf4 dxe4+ 0-1

[Event "7. Torneo de Promoción Almansa B 2012"]
[Site "Almansa ESP"]
[Date "2012.08.12"]
[Round "9.1"]
[White "Triay Moll, Liberto"]
[Black "Iglesias Garcia, Jorge"]
[Result "1/2-1/2"]
[WhiteElo "1911"]
[BlackElo "1965"]
[PlyCount "43"]
[EventDate "2012.08.07"]
[EventType "swiss"]
[EventRounds "9"]
[EventCountry "ESP"]
[Source "lmi"]
[SourceDate "2012.08.07"]

1. e4 e6 2. d3 d5 3. Nd2 dxe4 4. dxe4 Nc6 5. Ngf3 Bc5 6. g3 Nge7 7. Bg2 Ng6 8.
O-O O-O 9. Re1 e5 10. c3 f5 11. exf5 Bxf5 12. Qb3+ Kh8 13. Qc4 Bb6 14. Ne4 Na5
15. Qe2 Bg4 16. b4 Nc4 17. Bg5 Qd7 18. Qxc4 Bxf3 19. Bxf3 Rxf3 20. Be3 Bxe3 21.
Rxe3 Rxe3 22. fxe3 1/2-1/2

[Event "7. Torneo de Promoción Almansa B 2012"]
[Site "Almansa ESP"]
[Date "2012.08.12"]
[Round "9.2"]
[White "Moreno Brocalero, Jorge"]
[Black "Navarro Molina, Carmelo Jose"]
[Result "1-0"]
[WhiteElo "1916"]
[BlackElo "1917"]
[PlyCount "63"]
[EventDate "2012.08.07"]
[EventType "swiss"]
[EventRounds "9"]
[EventCountry "ESP"]
[Source "lmi"]
[SourceDate "2012.08.07"]

1. d4 d5 2. e3 Bf5 3. Bd3 Bxd3 4. Qxd3 c6 5. b3 g6 6. Bb2 Bg7 7. Nd2 Nd7 8.
Ngf3 Ngf6 9. O-O O-O 10. c4 dxc4 11. bxc4 Re8 12. Rfd1 e6 13. Qb3 Qb6 14. c5
Qxb3 15. axb3 Nd5 16. Nc4 b5 17. cxb6 N5xb6 18. Nd6 Red8 19. Ng5 Rf8 20. Ba3 c5
21. Nde4 h6 22. Nf3 Rfc8 23. Nxc5 e5 24. Nxd7 Nxd7 25. dxe5 Nxe5 26. Nxe5 Bxe5
27. Rac1 a5 28. g3 Rab8 29. Rxc8+ Rxc8 30. Rd5 Bc3 31. Rc5 Rxc5 32. Bxc5 1-0

[Event "7. Torneo de Promoción Almansa B 2012"]
[Site "Almansa ESP"]
[Date "2012.08.12"]
[Round "9.3"]
[White "Moreno Valle, Agustin"]
[Black "Perez Garcia, Jose Miguel"]
[Result "1-0"]
[WhiteElo "1997"]
[BlackElo "1967"]
[PlyCount "83"]
[EventDate "2012.08.07"]
[EventType "swiss"]
[EventRounds "9"]
[EventCountry "ESP"]
[Source "lmi"]
[SourceDate "2012.08.07"]

1. e4 c5 2. Nf3 Nc6 3. d4 cxd4 4. Nxd4 e6 5. Nc3 a6 6. Nxc6 bxc6 7. Bd3 Nf6 8.
O-O e5 9. f4 Bc5+ 10. Kh1 d6 11. fxe5 dxe5 12. Bg5 Be7 13. a4 Ng4 14. Bxe7 Qxe7
15. Qf3 a5 16. Ne2 Be6 17. h3 h5 18. Ng3 g6 19. b3 Kf8 20. Ne2 Kg7 21. Ng1 Nf6
22. Qg3 Nd7 23. Nf3 h4 24. Qe1 Rh5 25. Rd1 Qc5 26. Qf2 f6 27. Bc4 Qe7 28. Qd2
Nc5 29. Bxe6 Qxe6 30. Qe3 Qe7 31. Rd2 Rc8 32. Rfd1 Rc7 33. Rd6 Nb7 34. R6d2 Nc5
35. Qe2 Rh8 36. Qc4 Rhc8 37. Nxh4 Nd7 38. Qe2 f5 39. exf5 Nf8 40. Nxg6 Nxg6 41.
Qg4 Qf6 42. Rd8 1-0

[Event "7. Torneo de Promoción Almansa B 2012"]
[Site "Almansa ESP"]
[Date "2012.08.12"]
[Round "9.4"]
[White "Montiel Miguelez, Manuel"]
[Black "Fernandez Cano, Victor"]
[Result "0-1"]
[WhiteElo "1896"]
[BlackElo "1843"]
[PlyCount "34"]
[EventDate "2012.08.07"]
[EventType "swiss"]
[EventRounds "9"]
[EventCountry "ESP"]
[Source "lmi"]
[SourceDate "2012.08.07"]

1. e4 c5 2. Nf3 Nc6 3. d4 cxd4 4. Nxd4 g6 5. Be3 Bg7 6. Nc3 Nf6 7. Qd2 O-O 8.
O-O-O Ng4 9. Nxc6 bxc6 10. Bg5 Rb8 11. Na4 Nxf2 12. Qxf2 Qa5 13. Bxe7 Qxa4 14.
b3 Qxa2 15. Qc5 Bh6+ 16. Bg5 d6 17. Qe3 Qa1+ 0-1

[Event "7. Torneo de Promoción Almansa B 2012"]
[Site "Almansa ESP"]
[Date "2012.08.12"]
[Round "9.5"]
[White "Romero Calduch, Sergio"]
[Black "Nunez Miranda, Adrian"]
[Result "1-0"]
[WhiteElo "1972"]
[BlackElo "1969"]
[PlyCount "83"]
[EventDate "2012.08.07"]
[EventType "swiss"]
[EventRounds "9"]
[EventCountry "ESP"]
[Source "lmi"]
[SourceDate "2012.08.07"]

1. d4 d6 2. e4 Nf6 3. Nc3 e5 4. dxe5 dxe5 5. Qxd8+ Kxd8 6. Bc4 Be6 7. Bxe6 fxe6
8. f3 Bc5 9. Na4 Bd6 10. Be3 Nbd7 11. Rd1 Ke7 12. Nc3 a6 13. a4 h6 14. h4 Nh5
15. Nge2 Raf8 16. Rf1 Bc5 17. Rxd7+ Kxd7 18. Bxc5 Rf7 19. a5 Kc6 20. Be3 Rd8
21. Na4 Nf4 22. Kf2 g5 23. hxg5 hxg5 24. g3 Nxe2 25. Kxe2 Rg8 26. Nc5 Rg6 27.
Nd3 Kd6 28. Bc5+ Kc6 29. Nxe5+ Kxc5 30. Nxf7 Kb5 31. Nd8 Rg8 32. Nxe6 Kxa5 33.
Nxc7 Rc8 34. f4 Rxc7 35. f5 Rxc2+ 36. Kd3 Rxb2 37. f6 Rb3+ 38. Kc2 Kb4 39. f7
Rc3+ 40. Kd2 Rc8 41. f8=Q+ Rxf8 42. Rxf8 1-0